LEADER 01871nam a2200349 u 4500 001 000000049608 003 CaOOAMICUS 005 20070226115129.0 008 000706s1987 sz a u000 u ger u 020 $a3727805528 (Universitätsverlag) 020 $a3525539053 (Vandenhoeck) 035 $a10851735 040 $aPUL(R)$bita 245 00$aJerusalem :$bTexte, Bilder, steine in namen von Mitgliedern und Freunden des Biblischen Instituts der Universität Freiburg Schweiz /$cherausgegeben von Max Küchler und Chrustoph Uehlinger. 260 $aFreiburg Schweiz :$bUniversitätsverlag ;$aGöttingen :$bVandenhoeck & Ruprecht,$c1989. 300 $a233 p. :$bill., ;$c24 cm 490 1 $aNovum Testamentum et Orbis antiquus ;$v6 651 4$aGerusalemme$xStoria.$0(OLS)http://pul/subject/10582 700 1 $aUehlinger, Christoph.$0(OLS)http://pul/name/35851 700 1 $aKüchler, Max,$d1944-$0(OLS)http://pul/name/35850 830 0$aNovum Testamentum et Orbis antiquus ;$v6.$0(OLS)http://pul/title/8030 850 $aPUL 852 $aPUL$W1$xDP1 Fondo Ciprotti$y59$m1533 E 15$j65886$nBK-PRI$b $qFondi$B65886$CPULBib$Z2$F65886 $H $81 941 1 $a1 961 $aINV: 0326. Fondo Ciprotti 983 0$aNovum Testamentum et Orbis antiquus.$pStudien zur Umwelt des Neuen Testaments. 983 0$aNTOA. 996 $6020$a3727805528 (Universitätsverlag)$9(OLS)http://pul/number/62708 996 $6020$a3525539053 (Vandenhoeck)$9(OLS)http://pul/number/62709 996 $6245$aJerusalem :$bTexte, Bilder, steine in namen von Mitgliedern und Freunden des Biblischen Instituts der Universität Freiburg Schweiz$9(OLS)http://pul/title/66878 996 $6260$aFreiburg Schweiz :$bUniversitätsverlag$9(OLS)http://pul/publisher/50908 996 $6260$aGöttingen :$bVandenhoeck & Ruprecht$9(OLS)http://pul/publisher/47973 LEADER 01645nam a2200325 u 4500 001 000000000922 003 CaOOAMICUS 005 20070226104244.0 008 940513s1971 it u000 u ita u 035 $a10020006 040 $aPUL$bita 041 0 $aita$aeng$afra 245 00$aConferenze patristiche in occasione dell'inaugurazione dell'Istituto Patristico Augustinianum, Roma, 4-7 maggio 1970. 260 $aRoma :$bInstitutum patristicum "Augustinianum",$c1971. 300 $a60 p. ;$c23 cm 490 1 $aStudia ephemeridis "Augustinianum" ;$v8 500 $a"Il volume ottavo della serie Studia Ephemeridis Augustinianum è dedicato alle Conferenze patristiche tenutesi nei giorni 5, 6, e 7 maggio del 1970 all'Istituto Patristico Augustinianum". 650 4$aPatristica$xCongressi.$0(OLS)http://pul/subject/1421 710 2 $aIstituto patristico Augustinianum.$0(OLS)http://pul/name/577 830 0$aStudia ephemeridis Augustinianum ;$v8.$0(OLS)http://pul/title/713 850 $aPUL 852 $aPUL$W1$xSL Religione 1$y3$m21 A 8$j1195$nBK-PRI$b $qStampati$B1195$CPULBib$Z2$F1195 $H $81 910 $aInstitutum patristicum Augustinianum$9577 910 $aPontificia Università Lateranense. $bIstituto Patristico Augustinianum$9577 910 $aAugustinianum$9577 941 1 $a8 961 $aINV: 70586 983 0$aSEA. 996 $6245$aConferenze patristiche in occasione dell'inaugurazione dell'Istituto Patristico Augustinianum, Roma, 4-7 maggio 1970$9(OLS)http://pul/title/1356 996 $6260$aRoma :$bInstitutum patristicum "Augustinianum"$9(OLS)http://pul/publisher/48420